000 00306nam a22001337a 4500
008 171124b xxu||||| |||| 00| 0 eng d
020 _a9780761921257
041 _aeng
080 _a159.9
100 _a50
101 _aPSI
245 _aCHILDREN ADOLESCENT THE MEDIA
_cVICTOR .C.S
942 _2udc
_cBK
999 _c38504
_d38504